[Event "KEN-ch"]
[Site "Nairobi"]
[Date "2022.12.28"]
[Round "6"]
[White "Nyaga, James Kabui"]
[Black "Muchiri, Patrick Murioga"]
[Result "1-0"]
[WhiteElo "1917"]
[BlackElo "1304"]
[PlyCount "37"]
[EventDate "2022.12.26"]
[EventType "swiss"]
[EventRounds "9"]
[EventCountry "KEN"]
[SourceTitle "EXT 2024"]
[Source "ChessBase"]
[SourceDate "2023.10.10"]
[SourceVersion "1"]
[SourceVersionDate "2023.10.10"]
[SourceQuality "1"]

1. d4 d5 2. c4 Nf6 3. Nc3 e6 4. cxd5 exd5 5. Bg5 Be7 6. e3 Ne4 7. Bxe7 Qxe7 8. Nxd5 Qd6 9. Nc3 Nxc3 10. bxc3 0-0 11. Nf3 Bg4 12. Be2 Nd7 13. h3 Bxf3 14. Bxf3 c6 15. Qb3 Rab8 16. c4 c5 17. 0-0 cxd4 18. exd4 Qxd4 19. Rad1 1-0

[Event "Africa-ch U2000"]
[Site "Mombasa"]
[Date "2022.11.29"]
[Round "4"]
[White "Mwangi, Brian Gabriel"]
[Black "Nyaga, James Kabui"]
[Result "1/2-1/2"]
[WhiteElo "1760"]
[BlackElo "1917"]
[PlyCount "67"]
[EventDate "2022.11.27"]
[EventType "swiss"]
[EventRounds "9"]
[EventCountry "KEN"]
[SourceTitle "EXT 2024"]
[Source "ChessBase"]
[SourceDate "2023.10.10"]
[SourceVersion "1"]
[SourceVersionDate "2023.10.10"]
[SourceQuality "1"]

1. d4 c5 2. d5 f5 3. e4 fxe4 4. Nc3 Nf6 5. Bg5 d6 6. Bxf6 exf6 7. Nxe4 f5 8. Nc3 g6 9. Bd3 Bg7 10. Qd2 0-0 11. Nge2 Nd7 12. Nd1 Ne5 13. c3 Rb8 14. 0-0 b5 15. Bc2 Nc4 16. Qc1 Re8 17. b3 Nb6 18. Qd2 b4 19. Rb1 bxc3 20. Ndxc3 Ba6 21. Rfe1 Qh4 22. g3 Qb4 23. Bd3 Bb7 24. a3 Qg4 25. Bb5 Rf8 26. Qd3 a6 27. Bc4 f4 28. f3 Qf5 29. Qxf5 Rxf5 30. g4 Rff8 31. Rbd1 Nxc4 32. bxc4 Bc8 33. Ne4 Be5 34. Rb1 1/2-1/2

[Event "Africa-ch U2000"]
[Site "Mombasa"]
[Date "2022.11.27"]
[Round "1"]
[White "Mugisha, Ivan Jalagatha"]
[Black "Nyaga, James Kabui"]
[Result "1-0"]
[WhiteElo "1775"]
[BlackElo "1917"]
[PlyCount "22"]
[EventDate "2022.11.27"]
[EventType "swiss"]
[EventRounds "9"]
[EventCountry "KEN"]
[SourceTitle "EXT 2024"]
[Source "ChessBase"]
[SourceDate "2023.10.10"]
[SourceVersion "1"]
[SourceVersionDate "2023.10.10"]
[SourceQuality "1"]

1. c4 Nf6 2. Nf3 g6 3. Nc3 Bg7 4. e4 d6 5. d4 0-0 6. Bd3 Bg4 7. h3 Bxf3 8. Qxf3 Nc6 9. Be3 Nd7 10. d5 Nce5 11. Qe2 Nb6 1-0

[Event "KEN-chT"]
[Site "Nairobi"]
[Date "2019.03.23"]
[Round "5.1"]
[White "Nyaga, James Kabui"]
[Black "Thuku, Nephat Muchiri"]
[Result "0-1"]
[WhiteElo "1774"]
[BlackElo "1616"]
[PlyCount "92"]
[EventDate "2019.02.09"]
[EventType "team-tourn"]
[EventRounds "27"]
[EventCountry "KEN"]
[SourceTitle "CBM 192 Extra"]
[Source "Chessbase"]
[SourceDate "2019.11.06"]
[SourceVersion "1"]
[SourceVersionDate "2019.11.06"]
[SourceQuality "1"]
[WhiteTeam "Anchor"]
[BlackTeam "Kenya Technical Univ"]
[WhiteTeamCountry "KEN"]
[BlackTeamCountry "KEN"]

1. e4 e6 2. Nf3 d5 3. Nc3 Nf6 4. e5 Nfd7 5. d4 c5 6. dxc5 Bxc5 7. Bd3 Nc6 8. Bf4 h6 9. 0-0 a6 10. a3 b5 11. Qe2 0-0 12. Rad1 Bb7 13. Nb1 Be7 14. c3 Nb6 15. b3 Qc7 16. Bg3 Nd7 17. Rfe1 Rac8 18. Bc2 Qa5 19. Qd3 g6 20. h4 h5 21. Ng5 Bxg5 22. hxg5 Ne7 23. f3 Nf5 24. Bf2 h4 25. Qd2 Ne7 26. Qf4 Kg7 27. Bxh4 Rh8 28. g3 Qc7 29. Qe3 Nc6 30. f4 Ne7 31. Re2 Nc5 32. Rh2 Ne4 33. Bxe4 dxe4 34. g4 Nd5 35. Qe1 Nxf4 36. Rd6 Qc5+ 37. Bf2 Qc7 38. Bd4 Rxh2 39. Kxh2 Rh8+ 40. Kg3 Nd5 41. Nd2 Rd8 42. c4 bxc4 43. bxc4 Qxc4 44. Rxd8 Qxd4 45. Rxd5 Bxd5 46. Kh4 Qxe5 0-1

[Event "Africa-ch U20"]
[Site "Entebbe"]
[Date "2019.01.05"]
[Round "9"]
[White "Bitarinsa, Arthur"]
[Black "Nyaga, James Kabui"]
[Result "0-1"]
[WhiteElo "1742"]
[BlackElo "1767"]
[PlyCount "90"]
[EventDate "2018.12.29"]
[EventType "swiss"]
[EventRounds "9"]
[EventCountry "UGA"]
[SourceTitle "CBM 188 Extra"]
[Source "ChessBase"]
[SourceDate "2019.02.26"]
[SourceVersion "1"]
[SourceVersionDate "2019.02.26"]
[SourceQuality "1"]

1. Nf3 Nf6 2. g3 b6 3. Bg2 Bb7 4. d4 e6 5. 0-0 Be7 6. Nbd2 d5 7. Re1 Nbd7 8. b3 c5 9. Bb2 0-0 10. c4 Ne4 11. Qc2 f5 12. Ne5 Nxe5 13. dxe5 Qc7 14. cxd5 exd5 15. f3 Ng5 16. h4 Ne6 17. e4 fxe4 18. fxe4 d4 19. Qc4 Qxe5 20. Rf1 Kh8 21. Nf3 Qd6 22. Rae1 Nc7 23. e5 Qd5 24. Qe2 Ba6 25. Nd2 Bxe2 26. Rxf8+ Rxf8 27. Bxd5 Nxd5 28. Rxe2 Ne3 29. Bc1 g5 30. hxg5 Bxg5 31. Re1 Nc2 32. Rf1 Be3+ 33. Kg2 Kg7 34. Rxf8 Kxf8 35. Kf3 Kf7 36. Ke2 Ke6 37. Kd1 Nb4 38. Ba3 Nxa2 39. Nc4 Nc3+ 40. Kc2 Bf2 41. g4 Nd5 42. Kd3 Ne3 43. Ke4 Nxc4 44. bxc4 Bg3 45. Bb2 Bxe5 0-1

[Event "Meru op"]
[Site "Meru"]
[Date "2018.06.30"]
[Round "3"]
[White "Nyaga, James Kabui"]
[Black "Akhanyinya, Bryan Toboso"]
[Result "1-0"]
[WhiteElo "1745"]
[BlackElo "1861"]
[PlyCount "49"]
[EventDate "2018.06.30"]
[EventType "swiss"]
[EventRounds "6"]
[EventCountry "KEN"]
[SourceTitle "EXT 2019"]
[Source "ChessBase"]
[SourceDate "2018.10.10"]
[SourceVersion "1"]
[SourceVersionDate "2018.10.10"]
[SourceQuality "1"]

1. c4 Nf6 2. Nc3 g6 3. g3 Bg7 4. Bg2 0-0 5. e4 d6 6. Nge2 c5 7. 0-0 Nc6 8. d3 e6 9. f4 h5 10. h3 Nh7 11. Be3 Nd4 12. Rb1 f5 13. a3 h4 14. g4 fxg4 15. hxg4 g5 16. f5 exf5 17. exf5 Re8 18. Bd5+ Kh8 19. Ne4 Qe7 20. Nxd4 cxd4 21. Bd2 Qe5 22. Qf3 Bh6 23. Rbd1 Rf8 24. Bb4 Nf6 25. Bxd6 1-0

[Event "Kireka op"]
[Site "Kireka"]
[Date "2017.12.31"]
[Round "7"]
[White "Nyaga, James Kabui"]
[Black "Luggya, Vianney"]
[Result "0-1"]
[WhiteElo "1634"]
[BlackElo "1900"]
[PlyCount "92"]
[EventDate "2017.12.28"]
[EventType "swiss"]
[EventRounds "8"]
[EventCountry "UGA"]
[SourceTitle "EXT 2019"]
[Source "ChessBase"]
[SourceDate "2018.10.10"]
[SourceVersion "1"]
[SourceVersionDate "2018.10.10"]
[SourceQuality "1"]

1. c4 Nf6 2. Nc3 e6 3. g3 d5 4. Bg2 Be7 5. b3 0-0 6. Nf3 Nbd7 7. 0-0 b6 8. cxd5 exd5 9. d4 Bb4 10. Qc2 Ba6 11. Re1 Re8 12. e3 Rc8 13. a3 Bxc3 14. Qxc3 c5 15. dxc5 Nxc5 16. Rd1 Nd3 17. Qd2 Ne4 18. Qa2 Nc3 19. Qd2 Nxd1 20. Qxd1 Qf6 21. Bd2 Rc7 22. Bf1 Nb2 23. Qb1 Bxf1 24. Kxf1 Qxf3 25. Qxb2 Rec8 26. Kg1 Rc2 27. Qd4 Qe2 28. Be1 Rc1 29. Rxc1 Rxc1 30. Qe5 Qxe1+ 31. Kg2 Qf1+ 32. Kf3 Qh1+ 33. Kf4 Qe4+ 34. Qxe4 dxe4 35. Kxe4 Rc3 36. f4 Rxb3 37. h3 Rxa3 38. g4 Rc3 39. g5 b5 40. h4 b4 41. f5 b3 42. g6 hxg6 43. fxg6 b2 44. gxf7+ Kxf7 45. Kd4 Rc1 46. e4 b1Q 0-1